| 000 | 01296nam a2200277 a 4500 | ||
|---|---|---|---|
| 001 | ASIN1856697258 | ||
| 003 | OSt | ||
| 005 | 20180116192419.0 | ||
| 008 | 131127s2011 xxu eng d | ||
| 020 |
_a1856697258 _c$45.00 |
||
| 020 | _a978-1856697255 | ||
| 040 | _c0 | ||
| 050 | 0 | 4 | _aTS171 |
| 082 | 0 | 4 | _a745.2 |
| 100 | 1 |
_aHudson, Jennifer. _97151 |
|
| 245 | 1 | 0 |
_aProcess : _b50 product designs from concept to manufacture / _cJennifer Hudson. |
| 250 | _a2nd ed. | ||
| 260 |
_a[S.l.] : _bLaurence King Publishers, _c2011. |
||
| 300 |
_a240 p. ; _c28 cm. |
||
| 520 | _aThis book provides an in-depth study of the creative and manufacturing processes behind 50 contemporary domestic design objects. Chosen from around the world, they span furniture, lighting, tableware, and textiles. The workof both long-established and emerging designers is featured, with each product selected for its significant use of new technology, unorthodox, or complex production process, use of innovative materials and, in some cases, for the creativeconcept behind it. | ||
| 650 | 0 |
_aIndustrial design _97152 |
|
| 650 | 0 |
_aManufacturing processes _97153 |
|
| 650 | 0 |
_aProduct design _97154 |
|
| 856 | 4 | 0 |
_3Amazon.com _uhttp://www.amazon.com/exec/obidos/ASIN/1856697258/chopaconline-20 |
| 942 |
_2ddc _cBK |
||
| 999 |
_c353850 _d353850 |
||